| 000 | 00447nam a2200193Ia 4500 | ||
|---|---|---|---|
| 999 |
_c9528 _d9528 |
||
| 003 | 0100 | ||
| 005 | 20190430102018.0 | ||
| 008 | 130303s9999 xx 000 0 und d | ||
| 020 | _a859692558 | ||
| 040 | _cARRUPELIB | ||
| 050 | _aBV210.2.L33 1980 | ||
| 100 |
_aLeech, Kenneth _946113 |
||
| 245 |
_aTrue Prayer _ban Introduction to Chrisatian Spirituality _cKenneth Leech |
||
| 260 |
_aCambridge _bHarper and Row _c1980 |
||
| 300 |
_a202p. ; _c22cm |
||
| 650 |
_bPrayer _946114 |
||
| 942 |
_2lcc _cMONOGRAPH |
||